Dictionnaire étymologique des noms de lieux en France

保存先:
書誌詳細
フォーマット: 図書
言語:Undetermined
出版事項: Paris Larousse 1963
主題:
タグ: タグ追加
タグなし, このレコードへの初めてのタグを付けませんか!
Thư viện lưu trữ: Trung tâm Học liệu Trường Đại học Cần Thơ
LEADER 00430nam a2200157Ia 4500
001 CTU_26755
008 210402s9999 xx 000 0 und d
082 |a 910.3 
082 |b D235 
245 0 |a Dictionnaire étymologique des noms de lieux en France 
260 |a Paris 
260 |b Larousse 
260 |c 1963 
650 |a geography, french 
904 |i Minh, 981020 
980 |a Trung tâm Học liệu Trường Đại học Cần Thơ